00469nam a2200181Ia 4500008004100000020001800041041000800059082001700067100001000084245004100094250001200135260003900147300000900186440001000195500004700205650002500252700001000277230125s9999 xx 000 0 und d a81-314-0234-7 aeng a658.155bICF aICFAI aFinancial Risk Management : Workbook a1st Ed. c2004bICFAI publicationaHyderabad a404p aICFAI aFinancial Risk Mangement;ICFAI Series Book aFinancial Management aICFAI